European press seminar : Computer and education; past, present and future of programming; today's tools of management

Guardat en:
Dades bibliogràfiques
Format: Llibre
Idioma:Undetermined
Publicat: Paris IBM World Trade Europe Corporation 1967
Matèries:
Etiquetes: Afegir etiqueta
Sense etiquetes, Sigues el primer a etiquetar aquest registre!
Thư viện lưu trữ: Trung tâm Học liệu Trường Đại học Cần Thơ
LEADER 00548nam a2200169Ia 4500
001 CTU_83592
008 210402s9999 xx 000 0 und d
082 |a 005.1 
082 |b E86 
245 0 |a European press seminar : 
245 0 |b Computer and education; past, present and future of programming; today's tools of management 
260 |a Paris 
260 |b IBM World Trade Europe Corporation 
260 |c 1967 
650 |a Computer programming management 
904 |i Qheu(sửa) 
980 |a Trung tâm Học liệu Trường Đại học Cần Thơ